000 00312nam a22001457a 4500
008 230907b ||||| |||| 00| 0 eng d
020 _a6519840
041 _aeng
080 _a101
082 _a101SAN
100 _a44
101 _aFILOZ
245 _aTHE VELOCITY OF LIGHT
_cSANDERS.H.J
942 _2udc
_cBK
999 _c60290
_d60290